000 00310nam a22001337a 4500
008 170728b xxu||||| |||| 00| 0 eng d
020 _a3768511944
041 _aeng
080 _a004
100 _a31
101 _aSHKI
245 _aNEUE DIENSTE IM INTELLIGENTEN TELEFONNETZ
_cDECKER, R.V
942 _2udc
_cBK
999 _c22096
_d22096